00933 2200289 4500001002100000005001500021035002000036007000300056008004100059040001700100100002300117245015400140250001000294300003000304020002200334041000800356082001000364084001600374090002000390260004000410600001500450700003400465700008600499850001000585990002400595990002400619INLIS00000000000257120260601022748 a0010-0220000422ta260601 1  aSBPUPADbInd0 aAnnamaria Piccione1 aPenyelamatan Penyu /cPengarang; Annamaria Piccione, Penerjemah; Isthi P. Rahayu, Editor: Widya Ayu Ningrum dan Windrati Hapsari, Ilustrator; Magazoo aCet.1 a32 hlm. :bilus. ;c21 cm a978-979-099-325-9 aInd a371.1 a371.1 ANN p a371.1 ANN p 5-5 aJakarta :bErlangga For Kids,c2011 4aPendidikan0 aEditor ke-2, Windrati Hapsari aPenerjemah; Isthi P. Rahayu, Editor ke-1 : Widya Ayu Ningrum, Ilustrator; Magazoo aPUPAD a34.169/DAK/DPK/2019 a34.170/DAK/DPK/2019